000 00790nam a22002417a 4500
008 130611b xxu||||| |||| 00| 0 eng d
020 _a81-7041-214-5
024 _cAvailable
037 _cAvailable
040 _aMBSTU LIBRARY
_dMBSTU LIBRARY
082 _222
_a363.7394 ENV
110 _aG.R. Chhatwal, M. Satake and Mohan, Katyal.
245 _aEnvironmental water pollution and its control.
260 _aNew Delhi
_bAnmol Publishers .
_c2005
300 _a23 cm.
_bvi, 532 page
_f4
_g23 cm.
600 _2Water pollution - environment.
650 _2Water pollution - environment.
710 _aG.R. Chhatwal, M. Satake and Mohan, Katyal.
270 _aNew Delhi
_bNew Delhi
_dIndia
365 _b1568.00
_d1568.00
942 _2ddc
_cBK
999 _c455
_d455